header

Max and the Tag-along Moon (Record no. 262852)

MARC details
000 -LEADER
fixed length control field 00224nam a22000977a 4500
020 ## - INTERNATIONAL STANDARD BOOK NUMBER
ISBN 9780425287453
100 ## - MAIN ENTRY--AUTHOR NAME
Personal name Floyd Cooper
245 ## - TITLE STATEMENT
Title Max and the Tag-along Moon
260 ## - PUBLICATION, DISTRIBUTION, ETC. (IMPRINT)
Place of publication New York
Name of publisher Penguin Group
Year of publication 2013
942 ## - ADDED ENTRY ELEMENTS (KOHA)
Koha item type Long Loan Books
Holdings
Withdrawn status Lost status Collection code Home library Current library Shelving location Date acquired Accession Number Koha item type
    Fiction Rongo University Library Rongo University Library Children's Area 14/02/2024 CL2021465 Long Loan Books
    Fiction Rongo University Library Rongo University Library Children's Area 14/02/2024 CL2021464 Long Loan Books

© 2026 Rongo University
Contact us: librarian | system librarian | Rongo university